书目信息 |
| 书名: | Elastic media with microstructure | |
| 作者: | Isaak A. Kunin. | |
| 分册号: | ||
| 分册名: | 出版地: | Berlin ; |
|
| 出版社: | Springer-Verlag | |
| 出版时间: | 1982-<1983 >. | |
| 页数: | v. <1-2 > : | |
| 开本: | 24 cm. | |
| 丛书名: | Springer series in solid-state sciences | |
| 中图分类号: | ||
| 科图分类号: | ||
| 其他分类号: | O343.2 | |
| 主题词: | ||
| 电子资源: | ||
| 000 | 00967nam 22000265i 450 9 | |
| 001 | 0298375171 | |
| 005 | 20070506083351.14 | |
| 008 | 811019m19829999 a b 001 0 | |
| 020 | @a038711145X (U.S. : v. 1). | |
| 041 | @aeng@aengrus | |
| 050 | @aQA931@b.K8913 1982 | |
| 082 | 04 | @a531/.3823@219 |
| 090 | @aO343 | |
| 090 | @aO343.2 | |
| 099 | @dO343.2@ex2:2 | |
| 100 | 1 | @aKunin@cI. A.@q(Isaak Abramovich),@d1924- |
| 130 | 0 | @aTeorii?a? uprugikh sred s mikrostrukturo?.@lEnglish |
| 245 | 10 | @aElastic media with microstructure / @cIsaak A. Kunin.@nⅡ. |
| 260 | 1 | @aBerlin ;@aNew York :@bSpringer-Verlag,@c1982-<1983 >. |
| 300 | @av. <1-2 > :@bill. ;@c24 cm. | |
| 440 | 0 | @aSpringer series in solid-state sciences@v26 |
| 500 | @aRev. and updated translation of: Teorii?a? uprugikh sred s mikrostrukturo?. | |
| 504 | @aIncludes bibliography and indexes. | |
| 505 | 0 | @a1. One-dimensional models -- 2. Three-dimensional models. |
| 650 | 4 | @aElasticity. |
| Elastic media with microstructure / / Isaak A. Kunin.. Ⅱ.-Berlin ; ; New York : : Springer-Verlag, , 1982-<1983 >. |
| v. <1-2 > : : ill. ; ; 24 cm.- (Springer series in solid-state sciences 26 ) |
| Rev. and updated translation of: Teorii?a? uprugikh sred s mikrostrukturo?.-Includes bibliography and indexes.-1. One-dimensional models -- 2. Three-dimensional models. |
| ISBN 038711145X (U.S. : v. 1). |
| ● |
| 相关链接 |
|
|
|
|
正题名:Elastic media with microstructure
索取号:O343.2/x2:2
 
预约/预借
| 序号 | 登录号 | 条形码 | 馆藏地/架位号 | 状态 | 备注 |
| 1 | 180979 | 000453280 | 第四借阅区/ [索取号:O343.2/x2:2] | 在馆 | |
| 2 | 180980 | 000453244 | 第四借阅区/ [索取号:O343.2/x2:2] | 在馆 | |
| 3 | 180981 | 000452815 | 第二样本阅览室/ [索取号:O343.2/x2:2] | 在馆 | |
| 4 | 181724 | 000452851 | 第四借阅区/ [索取号:O343.2/x2:2] | 在馆 | |
| 5 | 181725 | 000453324 | 第四借阅区/ [索取号:O343.2/x2:2] | 在馆 |